[Event "GER HS-191 email"]
[Site "GER email"]
[Date "2015.09.21"]
[Round "?"]
[White "Berg, Juergen"]
[Black "Braesel, Walter"]
[Result "1/2-1/2"]
[WhiteElo "2004"]
[BlackElo "1821"]
[PlyCount "72"]
[EventDate "2015.09.28"]
[EventType "tourn (corr)"]
[EventRounds "6"]
[EventCountry "GER"]
[SourceTitle "Corr 2020"]
[Source "ChessBase"]
[SourceDate "2019.09.30"]
[SourceVersion "1"]
[SourceVersionDate "2019.09.30"]
[SourceQuality "1"]

1. d4 Nf6 2. Bg5 Ne4 3. Bf4 c5 4. f3 Qa5+ 5. c3 Nf6 6. d5 e6 7. e4 exd5 8. exd5 d6 9. Qd2 Be7 10. Ne2 Nbd7 11. Ng3 0-0 12. c4 Qd8 13. Nc3 Ne5 14. Be2 Ne8 15. 0-0 f5 16. Be3 Bh4 17. Bf2 f4 18. Nge4 Bxf2+ 19. Nxf2 b6 20. Rae1 Qh4 21. b3 Bd7 22. Nce4 a5 23. Bd3 Qh6 24. Re2 Qg6 25. Kh1 Qh5 26. Rfe1 Qh4 27. Kg1 Rf7 28. Bc2 Rf8 29. Nd3 Ng6 30. Nb2 Qh6 31. Kh1 Rb8 32. Nd1 Nh4 33. Nec3 Nf6 34. Nb5 Bxb5 35. cxb5 Qg5 36. Nc3 Nf5 1/2-1/2

[Event "GER HS-191 email"]
[Site "GER email"]
[Date "2015.09.21"]
[Round "?"]
[White "Nepsen, Roland"]
[Black "Braesel, Walter"]
[Result "1/2-1/2"]
[WhiteElo "1881"]
[BlackElo "1821"]
[PlyCount "39"]
[EventDate "2015.09.28"]
[EventType "tourn (corr)"]
[EventRounds "6"]
[EventCountry "GER"]
[SourceTitle "Corr 2020"]
[Source "ChessBase"]
[SourceDate "2019.09.30"]
[SourceVersion "1"]
[SourceVersionDate "2019.09.30"]
[SourceQuality "1"]

1. c4 e5 2. g3 c6 3. Nf3 e4 4. Nd4 Nf6 5. Nc3 Bc5 6. Nb3 Bb4 7. Bg2 d5 8. cxd5 cxd5 9. 0-0 0-0 10. d3 Bxc3 11. bxc3 Nc6 12. dxe4 Nxe4 13. c4 dxc4 14. Bxe4 cxb3 15. axb3 Bh3 16. Re1 Re8 17. Qxd8 Raxd8 18. Bxc6 bxc6 19. Be3 Rb8 20. Bxa7 1/2-1/2

[Event "GER HS-173 email"]
[Site "GER email"]
[Date "2014.11.01"]
[Round "?"]
[White "Ruppelt, Karl Heinz"]
[Black "Braesel, Walter"]
[Result "1-0"]
[WhiteElo "1778"]
[BlackElo "1895"]
[PlyCount "117"]
[EventDate "2014.11.07"]
[EventType "tourn (corr)"]
[EventRounds "6"]
[EventCountry "GER"]
[SourceTitle "Corr 2020"]
[Source "ChessBase"]
[SourceDate "2019.09.30"]
[SourceVersion "1"]
[SourceVersionDate "2019.09.30"]
[SourceQuality "1"]

1. e4 e5 2. Nf3 Nf6 3. d4 Nxe4 4. Nxe5 d6 5. Nf3 Bg4 6. c3 Nd7 7. Bc4 Qf6 8. Qe2 Qe7 9. Bd5 Nef6 10. Bxb7 Rb8 11. Bc6 d5 12. Qxe7+ Bxe7 13. Nbd2 Rb6 14. Ba4 Ra6 15. Bc2 Re6+ 16. Kf1 Bd6 17. h3 Bh5 18. Bf5 Re7 19. g4 Bg6 20. Nh4 0-0 21. Kg2 Rfe8 22. Nxg6 hxg6 23. Bd3 c5 24. Nf3 c4 25. Bc2 Re2 26. Bd1 R2e7 27. Ng5 Nb6 28. Rb1 a5 29. Be3 a4 30. Bc2 Nfd7 31. a3 Nf6 32. Nf3 Nh7 33. g5 Nf8 34. h4 Ra7 35. h5 Ra6 36. hxg6 Nxg6 37. Rbe1 Nc8 38. Kh3 Ra8 39. Kg4 Rb8 40. Nh4 Nxh4 41. Rxh4 Ne7 42. Bxa4 Rf8 43. Bc1 Ng6 44. Rhh1 Ne7 45. Rh3 Ra8 46. Bb5 Rfb8 47. a4 Rb6 48. Reh1 Kf8 49. f4 g6 50. Rh8+ Ng8 51. Kf3 Rd8 52. R1h6 Bc7 53. f5 gxf5 54. Rxb6 Bxb6 55. Bf4 Kg7 56. Be5+ Kg6 57. Kf4 f6 58. Bxf6 Rf8 59. Be5 1-0

[Event "GER HS-171 email"]
[Site "GER email"]
[Date "2014.10.06"]
[Round "?"]
[White "Braesel, Walter"]
[Black "Egner, Michael"]
[Result "0-1"]
[WhiteElo "1895"]
[BlackElo "1881"]
[PlyCount "90"]
[EventDate "2014.10.20"]
[EventType "tourn (corr)"]
[EventRounds "6"]
[EventCountry "GER"]
[SourceTitle "Corr 2020"]
[Source "ChessBase"]
[SourceDate "2019.09.30"]
[SourceVersion "1"]
[SourceVersionDate "2019.09.30"]
[SourceQuality "1"]

1. e4 c5 2. Nf3 Nc6 3. d4 cxd4 4. Nxd4 Nf6 5. Nc3 e5 6. Ndb5 d6 7. Bg5 a6 8. Na3 b5 9. Bxf6 gxf6 10. Nd5 f5 11. g3 fxe4 12. Bg2 Rb8 13. Bxe4 Bg7 14. Qh5 h6 15. Ne3 Ne7 16. 0-0-0 Be6 17. Rd2 d5 18. Nxd5 Nxd5 19. Bxd5 Bxd5 20. Qd1 0-0 21. Rxd5 Qf6 22. Rd6 Qxf2 23. Nb1 Rb6 24. Rxb6 Qxb6 25. Nc3 e4 26. Nxe4 Qe6 27. Qf3 Qxa2 28. Qa3 Qc4 29. Nd2 Qe2 30. Qf3 Qe5 31. Qb3 a5 32. Nf3 Qf6 33. Rf1 a4 34. Qb4 Ra8 35. Nd2 Qe5 36. Nb1 Qg5+ 37. Nd2 Rd8 38. Qf4 Qd5 39. Rf3 h5 40. Kb1 Qe6 41. Rd3 Qe1+ 42. Ka2 Rxd3 43. cxd3 Qd1 44. Qe3 Qc2 45. d4 b4 0-1